000 00538nam a2200217Ia 4500
003 OSt
005 20140314153228.0
008 140130s9999 xx 000 0 und d
020 _a0590559044
050 _aHV 1624.K4
_b.Ad45 1990
100 _aAdler, David A.
245 _aA picture book of Helen Keller /
_cDavid A. Adler.
260 _bScholastic,
_c1990.
_aNew York :
300 _a30 p. :
_bcol. ill. ;
_c20 cm.
440 _v1
521 _aG4
526 _c660
942 _cBK
_2lcc
999 _c40908
_d40908